Nghệ thuật đàm phán thương mại bí quyết đàm phán đạt hiểu quả cao trong kinh doanh
Sparad:
| Huvudupphovsman: | |
|---|---|
| Materialtyp: | Bok |
| Publicerad: |
Hà Nội
Thanh niên
2014
|
| Ämnen: | |
| Taggar: |
Lägg till en tagg
Inga taggar, Lägg till första taggen!
|
| Thư viện lưu trữ: | Trung tâm Học liệu Lê Vũ Hùng, Trường Đại học Đồng Tháp |
|---|
| LEADER | 00944aam a22003498a 4500 | ||
|---|---|---|---|
| 001 | 00036068 | ||
| 005 | 20171026081025.0 | ||
| 008 | 170117s2014 ||||||Viesd | ||
| 020 | # | # | |c 45000 |
| 041 | 0 | # | |a Vie |
| 082 | 1 | 4 | |a 658.8 |b NGH250TH |
| 100 | 1 | # | |a Hồ, Tiến Huân |
| 245 | 1 | 0 | |a Nghệ thuật đàm phán thương mại |c Hồ Tiến Huân |b bí quyết đàm phán đạt hiểu quả cao trong kinh doanh |
| 260 | # | # | |a Hà Nội |b Thanh niên |c 2014 |
| 300 | # | # | |a 175tr. |c 21cm. |
| 653 | # | # | |a Kinh doanh |
| 653 | # | # | |a Thương mại |
| 653 | # | # | |a Điều hành |
| 653 | # | # | |a Đàm phán |
| 852 | # | # | |b Kho mượn |j KM.0017082 |
| 852 | # | # | |j KM.0017082 |
| 910 | |d 17/01/2017 | ||
| 980 | # | # | |a Trung tâm Học liệu Lê Vũ Hùng, Trường Đại học Đồng Tháp |